Road Through Kurdistan (Record no. 574564)

MARC details
000 -LEADER
fixed length control field 01227nam a2200169Ia 4500
008 - FIXED-LENGTH DATA ELEMENTS--GENERAL INFORMATION
fixed length control field 250702s9999 xx 000 0 und d
020 ## - INTERNATIONAL STANDARD BOOK NUMBER
ISBN 9781850436379
082 ## - DEWEY DECIMAL CLASSIFICATION NUMBER
Classification number 915.672
Item number HAM
100 ## - MAIN ENTRY--AUTHOR NAME
Personal name McMurtry, Larry
245 #0 - TITLE STATEMENT
Title Road Through Kurdistan
260 ## - PUBLICATION, DISTRIBUTION, ETC. (IMPRINT)
Name of publisher Tauris Parke Paperbacks
Year of publication 2004
300 ## - PHYSICAL DESCRIPTION
Number of Pages 256 pages
500 ## - GENERAL NOTE
General note In 1928, Archibald Hamilton traveled to Iraqi Kurdistan, having been commissioned to build a road that would stretch from Northern Iraq, through the mountains and gorges of Kurdistan and on to the Iranian border. Now called the Hamilton Road, this was, even by today's standards, a considerable feat of engineering and remains one of the most strategically important roads in the region. In this colorful and engaging account, Hamilton describes the four years he spent overcoming immense obstacles--disease, ferocious brigands, warring tribes and bureaucratic officials--to carve a path through some of the most beautiful but inhospitable landscape in the world. Road Through Kurdistan is a classic of travel writing and an invaluable portrayal of the Iraqi Kurds themselves, and of the Kurdish regions of Northern Iraq.
650 ## - SUBJECT ADDED ENTRY--TOPICAL TERM
Topical Term History
942 ## - ADDED ENTRY ELEMENTS (KOHA)
Koha item type English Books
Holdings
Withdrawn status Lost status Damaged status Not for loan Home library Current library Shelving location Date acquired Full call number Accession Number Price effective from Koha item type
        Anna Centenary Library Anna Centenary Library 7TH FLOOR, B WING 02.07.2025 915.672 HAM 214280 02.07.2025 English Books

Find us on the map